000 00656nam a22002057a 4500
005 20231106094356.0
008 231106b |||||||| |||| 00| 0 eng d
020 _a9782761341509
040 _aKMU
_cKMU
_dKMU
_erda
050 _aLB 2369 Mar
100 _aMarshall, Steve
245 _aAdvance in academic writing :
_bintegrating research, critical thinking, academic reading and writing /
_cMarshall, Steve
260 _aCanada :
_bPearson Education,
_c2017.
300 _axii, 460 pages :
_c27 cm.
650 _aAcademic writing.
650 _aReport writing.
650 _aDissertations, Academic.
650 _aEnglish language.
942 _2lcc
_cBK
_n0
999 _c776
_d776